ბათუმის შოთა რუსთაველის სახელმწიფო უნივერსიტეტის ბიბლიოთეკა

საქართველოს სამხედრო ისტორიის საკითხები (1921 წლამდე) = The problems of georgian military history (till 1921) (ბიბ.ჩანაწერი № 55242)

000 -LEADER
fixed length control field 01559nam a2200277Ia 4500
001 - CONTROL NUMBER
control field 22318
003 - CONTROL NUMBER IDENTIFIER
control field GE_BSU
008 - FIXED-LENGTH DATA ELEMENTS--GENERAL INFORMATION
fixed length control field 181216s||||||||xx |||||||||||||| ||und||
020 ## - INTERNATIONAL STANDARD BOOK NUMBER
International Standard Book Number 9789941912603
040 ## - CATALOGING SOURCE
Transcribing agency GE_BSU
080 ## - UNIVERSAL DECIMAL CLASSIFICATION NUMBER
Universal Decimal Classification number 355(479.22)
100 ## - MAIN ENTRY--PERSONAL NAME
Personal name ანჩაბაძე, გიორგი.
245 ## - TITLE STATEMENT
Title საქართველოს სამხედრო ისტორიის საკითხები (1921 წლამდე) = The problems of georgian military history (till 1921)
245 ## - TITLE STATEMENT
Remainder of title პუბლიკაციების კრებული : სახელმძღვანელო
250 ## - EDITION STATEMENT
Edition statement ილიას სახელმწ. უნ-ტი
260 ## - PUBLICATION, DISTRIBUTION, ETC.
Place of publication, distribution, etc. თბილისი
260 ## - PUBLICATION, DISTRIBUTION, ETC.
Name of publisher, distributor, etc. ილიას სახელმწ. უნ-ტი,
260 ## - PUBLICATION, DISTRIBUTION, ETC.
Date of publication, distribution, etc. 2010
300 ## - PHYSICAL DESCRIPTION
Extent 256გვ; რუკ; 20სმ.
300 ## - PHYSICAL DESCRIPTION
Other physical details ბიბლიოგრ. ტექსტ. შენიშვნ.
653 ## - INDEX TERM--UNCONTROLLED
Uncontrolled term სამხედრო საქმე
653 ## - INDEX TERM--UNCONTROLLED
Uncontrolled term საქართველოს სამხედრო ისტორიის საკითხები (1921 წლამდე) = The problems of georgian military history (till 1921)
653 ## - INDEX TERM--UNCONTROLLED
Uncontrolled term საქართველოს სამხედრო ხელოვნების ისტორია. საქართველოს ომების ისტორია. საქართველოს შეიარაღებული ძალები.
942 ## - ADDED ENTRY ELEMENTS (KOHA)
Koha item type წიგნი
ეგზემპლარები
Withdrawn status Lost status Damaged status Not for loan Date acquired Barcode Date last seen Price effective from Koha item type
        2018-12-17 57542 2018-12-17 2018-12-17 წიგნი
        2018-12-17 57543 2018-12-17 2018-12-17 წიგნი